000 01256nam a22002537a 4500
999 _c58786
_d58786
003 Ge_BSU
005 20230130104544.0
008 220728s2020ge xxu||||| |||| 00| 0 geo d
020 _a9789941827624
041 _ageo
080 _a551.578.48(479.22) ს-20
100 _aსალუქვაძე, მ
_914498
245 _aაჭარის მთიანი რეგიონის ზვავსაშიშროება /
_cმ. სალუქვაძე, მთ.რედ. თენგიზ ცინცაძე.
264 _aთბილისი,
_c2020.
300 _a102 გვ.:
_b4 ცხრილი.
504 _aბიბლიოგრ. გვ. 71-72
520 _aრეზიუმე ქართ., რუს. და ინგლ. ენებზე.
653 _aზვავები
653 _aაჭარა
653 _aზვავსაშიშროება
700 _aცინჩაძე, თენგიზ
_eმთავარი რედაქტორი
_914618
710 _a საქართველოს ტექნიკური უნივერსიტეტი. ჰიდრომეტროლოგიის უინსტიტუტი
_914501
942 _2udc
_cBK